000
00288nam a22001337a 4500
008
170222b xxu||||| |||| 00| 0 eng d
020
_a
0815176988
041
_a
eng
080
_a
617
100
_a
5
101
_a
SHK
245
_a
YEAR BOOK SURGERY 1989
_c
SCHWARTZ.S.I
942
_2
udc
_c
BK
999
_c
6124
_d
6124